Pierre-Augustin Caron de Beaumarchais, Bláznivý den, aneb, Figarova svatba / [premiéra 27. dubna 2012 ve Stavovském divadle /

Corporate Author: Národní divadlo v Praze. Činohra
Other Authors: Ullrichová, Daria, 1949-
Language: Czech
Published: Praha : Národní divadlo, c2012
Subjects:
Physical Description: 126 s., [16] s. obr. příl.: il. (převážně barev.), portréty ; 16 cm + program ([6] s.)
Book
Saved in:
LEADER 02216nam a2200553 a 4500
001 nkc20122369521
003 CZ PrNK
005 20121030083451.0
007 ta
008 121001s2012 xr acf e 000 ddcze
020 |a 978-80-7258-395-9  |q (brož.) 
040 |a ABA001  |b cze 
043 |a e-xr---  |b e-xr-pg  |2 czenas 
045 |a v8v8  |a y1y1 
072 7 |a 792  |x Divadlo. Divadelní představení  |2 Konspekt  |9 3 
080 |a 821.133.1-2  |2 MRF 
080 |a 792.2  |2 MRF 
080 |a (437.311)  |2 MRF 
080 |a (083.97)  |2 MRF 
080 |a (0:82-2)  |2 MRF 
245 0 0 |a Pierre-Augustin Caron de Beaumarchais, Bláznivý den, aneb, Figarova svatba /  |b [premiéra 27. dubna 2012 ve Stavovském divadle /  |c program připravila Daria Ullrichová] 
246 3 0 |a Bláznivý den, aneb, Figarova svatba 
246 3 0 |a Figarova svatba 
260 |a Praha :  |b Národní divadlo,  |c c2012 
300 |a 126 s., [16] s. obr. příl.:  |b il. (převážně barev.), portréty ;  |c 16 cm +  |e program ([6] s.) 
500 |a Na obálce: Národní divadlo, činohra 
505 2 |a Bláznivý den, aneb, Figarova svatba / Pierre-Augustin Caron de Beaumarchais ; adaptace Daria Ullrichová 
610 2 7 |a Stavovské divadlo  |7 kn20010724562  |2 czenas 
648 7 |a 18. století  |7 ch460556  |2 czenas 
648 4 |a 1781 
648 7 |a 2011-2020  |7 ch460589  |2 czenas 
648 7 |a 2012  |7 ch967315  |2 czenas 
650 0 7 |a francouzské drama  |7 ph120369  |y 18. století  |2 czenas 
650 0 7 |a činohry  |7 ph128179  |z Česko  |y 2011-2020  |2 czenas 
650 0 9 |a French drama  |y 18th century  |2 eczenas 
650 0 9 |a drama stages  |z Czechia  |y 2011-2020  |2 eczenas 
651 7 |a Praha (Česko)  |7 ge118011  |2 czenas 
651 9 |a Prague (Czechia)  |2 eczenas 
655 7 |a divadelní programy  |7 fd132033  |2 czenas 
655 7 |a francouzská dramata  |7 fd132283  |2 czenas 
655 9 |a playbills  |2 eczenas 
655 9 |a French drama  |2 eczenas 
700 1 |a Ullrichová, Daria,  |d 1949-  |7 xx0006731  |4 aut  |4 edt 
710 2 |a Národní divadlo v Praze.  |b Činohra  |7 kn20010709462 
910 2 |a BOA001  |b 1-1290.746 
990 |a BK 
995 |a 11 
991 |b 201210  |c NOV  |e n 
996 6 |b 2610524349  |c 1-1290.746  |l MZK  |r Sklad / do 1 hodiny  |n 0  |p p.v.  |w 001287059  |u 000010  |a 1  |e BOA001  |j MZK50  |s P